[Event "Nordsjaellands Weekend EMT 2020"]
[Site "Alleroed"]
[Date "2020.01.03"]
[Round "1.1"]
[White "Le Besq, Alexander"]
[Black "Hector, Jonny"]
[Result "0-1"]
[WhiteElo "2194"]
[BlackElo "2481"]
[PlyCount "52"]
[EventDate "2020.01.??"]
[EventType "swiss"]
[EventRounds "5"]
[EventCountry "DEN"]

1. e4 e5 2. Nf3 Nc6 3. Bb5 a6 4. Ba4 Nf6 5. O-O Be7 6. Re1 b5 7. Bb3 Bb7 8. c3
d5 9. d4 Nxe4 10. dxe5 Na5 11. Bc2 O-O 12. Nbd2 f5 13. exf6 Nxf6 14. Nd4 Bc5
15. Ne6 Bxf2+ 16. Kxf2 Ng4+ 17. Kg3 Qd6+ 18. Kxg4 Bc8 19. Nf3 Bxe6+ 20. Rxe6
Qxe6+ 21. Kg3 Qd6+ 22. Kf2 Nc4 23. Kg1 Rae8 24. Qd3 Re4 25. b3 Ne5 26. Nxe5
Re1+ 0-1

[Event "Nordsjaellands Weekend EMT 2020"]
[Site "Alleroed"]
[Date "2020.01.03"]
[Round "1.2"]
[White "Vasli, Aref"]
[Black "Thuesen, Mogens Henrik"]
[Result "0-1"]
[WhiteElo "2391"]
[BlackElo "2214"]
[PlyCount "48"]
[EventDate "2020.01.??"]
[EventType "swiss"]
[EventRounds "5"]
[EventCountry "DEN"]

1. e4 c5 2. Nf3 Nc6 3. d4 cxd4 4. Nxd4 Nf6 5. Nc3 e5 6. Ndb5 d6 7. a4 a6 8. Na3
Bg4 9. Qd3 Nb4 10. Qg3 Rc8 11. Bg5 Be6 12. Be2 h6 13. Bd2 d5 14. exd5 Nbxd5 15.
O-O Qc7 16. Rfe1 Nf4 17. Bf3 h5 18. Bxf4 exf4 19. Qg5 Be7 20. Rad1 O-O 21. Nab1
Ng4 22. Qxh5 g6 23. Qh3 Nxf2 24. Qh6 Qc5 0-1

[Event "Nordsjaellands Weekend EMT 2020"]
[Site "Alleroed"]
[Date "2020.01.03"]
[Round "1.3"]
[White "Thorsbro, Peter"]
[Black "Strange, Mikkel"]
[Result "1-0"]
[WhiteElo "2148"]
[BlackElo "2338"]
[PlyCount "99"]
[EventDate "2020.01.??"]
[EventType "swiss"]
[EventRounds "5"]
[EventCountry "DEN"]

1. d4 f5 2. c4 Nf6 3. Nc3 e6 4. g3 d5 5. Bg2 c6 6. Nf3 Bd6 7. O-O O-O 8. Bf4
Bxf4 9. gxf4 Ne4 10. e3 Nd7 11. Rc1 Ndf6 12. Ne5 Bd7 13. Nxe4 fxe4 14. f3 exf3
15. Bxf3 Be8 16. Qd3 Bh5 17. Bxh5 Nxh5 18. Rc2 Qe7 19. Rg2 Rf5 20. cxd5 cxd5
21. Rc1 Nf6 22. Qc2 Ne4 23. Qc7 Re8 24. Qa5 b6 25. Qa4 Rff8 26. Rgc2 Kh8 27.
Rc7 Qh4 28. Qd7 Qf6 29. R1c2 h6 30. Rg2 Rg8 31. Kh1 Kh7 32. Rg6 Qf8 33. Rxe6
Nf6 34. Rxe8 Nxe8 35. Qg4 Nxc7 36. Qg6+ Kh8 37. Nf7+ Qxf7 38. Qxf7 Ne8 39. Qxa7
Nf6 40. Qxb6 Re8 41. a4 Rxe3 42. a5 Ng4 43. Qd8+ Kh7 44. Qh4 Nf6 45. Qf2 Ng4
46. Qg1 h5 47. a6 Re2 48. a7 Nxh2 49. a8=Q Nf3 50. Qg3 1-0

[Event "Nordsjaellands Weekend EMT 2020"]
[Site "Alleroed"]
[Date "2020.01.03"]
[Round "1.4"]
[White "Jacobsen, Mikkel Manosri"]
[Black "Moe, Mogens"]
[Result "1-0"]
[WhiteElo "2300"]
[BlackElo "2149"]
[PlyCount "77"]
[EventDate "2020.01.??"]
[EventType "swiss"]
[EventRounds "5"]
[EventCountry "DEN"]

1. d4 Nf6 2. c4 g6 3. Nc3 Bg7 4. Bg5 h6 5. Bh4 c5 6. d5 d6 7. Nf3 Qa5 8. Nd2 a6
9. e4 O-O 10. a4 Re8 11. Be2 e6 12. O-O Nbd7 13. dxe6 Rxe6 14. f4 Re8 15. Kh1
Nf8 16. Nd5 Nxd5 17. cxd5 Qc7 18. Bf3 Bd7 19. Qc2 b5 20. e5 Rac8 21. exd6 Qxd6
22. Ne4 Qb6 23. a5 Qb8 24. Qd2 Bf5 25. Ng3 Bd7 26. d6 c4 27. f5 c3 28. bxc3 g5
29. f6 Bxf6 30. Ne4 Rxe4 31. Bxe4 Bxc3 32. Qf2 f5 33. Bxf5 Bxf5 34. Qxf5 gxh4
35. Qf7+ Kh8 36. Rad1 Rd8 37. d7 b4 38. Qe7 b3 39. Rxf8+ 1-0

[Event "Nordsjaellands Weekend EMT 2020"]
[Site "Alleroed"]
[Date "2020.01.03"]
[Round "1.5"]
[White "Gregor, Bjarke"]
[Black "Ramsdal, Jens Albert"]
[Result "0-1"]
[WhiteElo "2124"]
[BlackElo "2299"]
[PlyCount "86"]
[EventDate "2020.01.??"]
[EventType "swiss"]
[EventRounds "5"]
[EventCountry "DEN"]

1. e4 c5 2. Nf3 Nc6 3. d4 cxd4 4. Nxd4 Nf6 5. Nc3 e5 6. Ndb5 d6 7. Bg5 a6 8.
Na3 b5 9. Bxf6 gxf6 10. Nd5 f5 11. Bd3 Be6 12. c3 Bg7 13. Nxb5 Bxd5 14. exd5
Ne7 15. Na3 O-O 16. O-O e4 17. Bc2 Ng6 18. Qh5 Qf6 19. f4 Ne7 20. Bb3 a5 21.
Rad1 a4 22. Bc4 Rfc8 23. Qe2 Qg6 24. Nb5 h5 25. Nd4 Ra5 26. Nc6 Nxc6 27. dxc6
Rxc6 28. Rd5 Rxd5 29. Bxd5 Rb6 30. Qf2 Rb8 31. a3 Bf6 32. Kh1 Rc8 33. Qb6 h4
34. Qxd6 Rd8 35. Qc5 Kh8 36. c4 Rb8 37. Rb1 Kh7 38. Qa7 Rxb2 39. Rxb2 Bxb2 40.
Qxa4 Qg4 41. Bxf7 h3 42. Qc2 Bd4 43. Bh5 Qxh5 0-1

[Event "Nordsjaellands Weekend EMT 2020"]
[Site "Alleroed"]
[Date "2020.01.03"]
[Round "1.6"]
[White "Hoi, Carsten"]
[Black "Hardlei, Johan"]
[Result "1/2-1/2"]
[WhiteElo "2316"]
[BlackElo "2100"]
[PlyCount "68"]
[EventDate "2020.01.??"]
[EventType "swiss"]
[EventRounds "5"]
[EventCountry "DEN"]

1. Nf3 c5 2. c4 Nc6 3. e3 e6 4. d4 d5 5. Nc3 Nf6 6. a3 dxc4 7. Bxc4 Be7 8. O-O
O-O 9. h3 a6 10. d5 exd5 11. Nxd5 b5 12. Nxf6+ Bxf6 13. Bd5 Bb7 14. e4 Qe7 15.
Qc2 Nd4 16. Nxd4 Bxd5 17. exd5 Bxd4 18. Bf4 Rad8 19. Rae1 Qh4 20. Re4 Rfe8 21.
Rxe8+ Rxe8 22. Bc7 Qe7 23. d6 Qd7 24. b3 Re6 25. Rd1 h6 26. b4 Re5 27. Qd3 Rf5
28. Rd2 Bf6 29. g4 Re5 30. bxc5 Rxc5 31. Rc2 Rxc2 32. Qxc2 Be5 33. Qd2 Qc6 34.
f4 Bf6 1/2-1/2

[Event "Nordsjaellands Weekend EMT 2020"]
[Site "Alleroed"]
[Date "2020.01.03"]
[Round "1.7"]
[White "Nilssen, Ellen Fredericia"]
[Black "Hansen, Lars"]
[Result "1/2-1/2"]
[WhiteElo "2061"]
[BlackElo "2230"]
[PlyCount "80"]
[EventDate "2020.01.??"]
[EventType "swiss"]
[EventRounds "5"]
[EventCountry "DEN"]

1. d4 e6 2. c4 b6 3. a3 Bb7 4. Nc3 Nf6 5. Nf3 d5 6. cxd5 Nxd5 7. Bg5 Be7 8.
Bxe7 Qxe7 9. e3 O-O 10. Bd3 Rd8 11. O-O Nd7 12. Qe2 c5 13. Ba6 Rab8 14. Bxb7
Rxb7 15. Rac1 Nxc3 16. Rxc3 e5 17. dxe5 Nxe5 18. Nxe5 Qxe5 19. Rd3 Rbd7 20.
Rfd1 Rxd3 21. Rxd3 Rxd3 22. Qxd3 g6 23. Qb5 Qe4 24. g3 Kg7 25. h4 Kf6 26. Kh2
Qf3 27. Kg1 Qd1+ 28. Kg2 Qd5+ 29. Kg1 Kf5 30. Qa4 c4 31. Qxa7 Kg4 32. Kh2 Qf5
33. Kg2 Qf3+ 34. Kf1 Qd1+ 35. Kg2 Qf3+ 36. Kf1 Qd1+ 37. Kg2 Qd5+ 38. Kh2 Qf5
39. Kg2 Qf3+ 40. Kf1 Qd1+ 1/2-1/2

[Event "Nordsjaellands Weekend EMT 2020"]
[Site "Alleroed"]
[Date "2020.01.03"]
[Round "1.8"]
[White "Liu, Casper Yukun"]
[Black "Nielsen, Morten"]
[Result "1/2-1/2"]
[WhiteElo "2183"]
[BlackElo "2044"]
[PlyCount "77"]
[EventDate "2020.01.??"]
[EventType "swiss"]
[EventRounds "5"]
[EventCountry "DEN"]

1. e4 e5 2. Bc4 Nf6 3. d4 exd4 4. Nf3 Nc6 5. O-O Bc5 6. e5 d5 7. exf6 dxc4 8.
Re1+ Be6 9. fxg7 Rg8 10. Bg5 Qd5 11. Nc3 Qf5 12. Ne4 Be7 13. Bxe7 Kxe7 14. Nxd4
Nxd4 15. Qxd4 b6 16. Rad1 Qg6 17. Ng3 Rxg7 18. Qd5 Rag8 19. Nf5+ Qxf5 20. Qxf5
Rxg2+ 21. Kh1 Rg1+ 22. Rxg1 Rxg1+ 23. Kxg1 Bxf5 24. Rd2 Be6 25. Kg2 c3 26. bxc3
Bxa2 27. Kf3 Be6 28. Ke4 c5 29. f4 Kf6 30. Rf2 Bc4 31. f5 a5 32. Rg2 a4 33. Rg8
a3 34. Ra8 a2 35. Kf4 Bd5 36. Ra7 Bc4 37. h4 Bd5 38. h5 h6 39. Ra6 1/2-1/2

[Event "Nordsjaellands Weekend EMT 2020"]
[Site "Alleroed"]
[Date "2020.01.04"]
[Round "2.1"]
[White "Hector, Jonny"]
[Black "Thorsbro, Peter"]
[Result "1/2-1/2"]
[WhiteElo "2481"]
[BlackElo "2148"]
[PlyCount "111"]
[EventDate "2020.01.??"]
[EventType "swiss"]
[EventRounds "5"]
[EventCountry "DEN"]

1. e4 e5 2. Nf3 Nc6 3. d4 exd4 4. Nxd4 Nf6 5. Nxc6 bxc6 6. e5 Qe7 7. Qe2 Nd5 8.
h4 a5 9. c4 Nb6 10. g3 Qe6 11. Nd2 Bb4 12. a3 Bxd2+ 13. Bxd2 O-O 14. f4 Re8 15.
Kf2 Ba6 16. Rc1 f6 17. Qe4 d5 18. cxd5 cxd5 19. Qd4 Bxf1 20. Rhxf1 Nc4 21. exf6
Qe2+ 22. Kg1 c6 23. Rf2 Qg4 24. Kh2 Re2 25. Re1 Rae8 26. Rexe2 Rxe2 27. Bc1
gxf6 28. Kg2 Re1 29. b3 Nd6 30. Qxf6 Nf5 31. Qg5+ Qxg5 32. fxg5 Nxh4+ 33. gxh4
Rxc1 34. Rf3 Kg7 35. Kg3 d4 36. Kf4 Rc3 37. h5 d3 38. h6+ Kg8 39. Re3 Kf7 40.
g6+ Kxg6 41. Re6+ Kh5 42. Ke3 c5 43. a4 Rxb3 44. Re5+ Kxh6 45. Rxc5 Ra3 46.
Rxa5 Kg6 47. Ra8 h5 48. a5 h4 49. a6 Kg7 50. Ra7+ Kg6 51. Ra8 h3 52. Rh8 Kg7
53. Rh4 Kg6 54. a7 Rxa7 55. Rxh3 Ra3 56. Rh8 1/2-1/2

[Event "Nordsjaellands Weekend EMT 2020"]
[Site "Alleroed"]
[Date "2020.01.04"]
[Round "2.2"]
[White "Ramsdal, Jens Albert"]
[Black "Jacobsen, Mikkel Manosri"]
[Result "1/2-1/2"]
[WhiteElo "2299"]
[BlackElo "2300"]
[PlyCount "38"]
[EventDate "2020.01.??"]
[EventType "swiss"]
[EventRounds "5"]
[EventCountry "DEN"]

1. e4 c6 2. d4 d5 3. e5 c5 4. dxc5 Nc6 5. a3 e6 6. b4 a5 7. b5 Nxe5 8. Bb2 Ng6
9. Nc3 a4 10. Qd4 Nf6 11. Nf3 Qc7 12. Nxa4 Ne4 13. Bd3 Qa5+ 14. Nc3 Bxc5 15.
Qxg7 Bf8 16. Qd4 Bc5 17. Qg7 Bf8 18. Qd4 Bc5 19. Qg7 Bf8 1/2-1/2

[Event "Nordsjaellands Weekend EMT 2020"]
[Site "Alleroed"]
[Date "2020.01.04"]
[Round "2.3"]
[White "Thuesen, Mogens Henrik"]
[Black "Hoi, Carsten"]
[Result "1/2-1/2"]
[WhiteElo "2214"]
[BlackElo "2316"]
[PlyCount "62"]
[EventDate "2020.01.??"]
[EventType "swiss"]
[EventRounds "5"]
[EventCountry "DEN"]

1. d4 d5 2. c4 dxc4 3. Nf3 Nf6 4. e3 Bg4 5. Bxc4 e6 6. h3 Bh5 7. O-O a6 8. Be2
Bd6 9. Nc3 Nc6 10. Ne5 Bxe2 11. Nxc6 Bxd1 12. Nxd8 Rxd8 13. Rxd1 e5 14. dxe5
Bxe5 15. Rxd8+ Kxd8 16. Bd2 Kc8 17. f4 Bd6 18. g4 Re8 19. Kf2 b5 20. g5 Nd7 21.
Rd1 Nc5 22. Be1 b4 23. Nd5 a5 24. a3 bxa3 25. bxa3 a4 26. Rd4 Re4 27. Rxe4
Nxe4+ 28. Kf3 f5 29. gxf6 Nxf6 30. Nc3 Bxa3 31. Nxa4 Kd7 1/2-1/2

[Event "Nordsjaellands Weekend EMT 2020"]
[Site "Alleroed"]
[Date "2020.01.04"]
[Round "2.4"]
[White "Hansen, Lars"]
[Black "Liu, Casper Yukun"]
[Result "1-0"]
[WhiteElo "2230"]
[BlackElo "2183"]
[PlyCount "65"]
[EventDate "2020.01.??"]
[EventType "swiss"]
[EventRounds "5"]
[EventCountry "DEN"]

1. d4 Nf6 2. Bg5 c5 3. d5 e6 4. e4 d6 5. Nc3 Be7 6. Bb5+ Bd7 7. Bxd7+ Nbxd7 8.
dxe6 fxe6 9. Nge2 b5 10. Nxb5 Qa5+ 11. Nbc3 Nxe4 12. Bxe7 Kxe7 13. O-O Nef6 14.
Re1 Qb4 15. a3 Qg4 16. f3 Qg5 17. Ng3 h5 18. Qxd6+ Kxd6 19. Nge4+ Nxe4 20.
Nxe4+ Kc6 21. Nxg5 e5 22. Rad1 Rab8 23. b3 h4 24. Nf7 Rhe8 25. Rd6+ Kc7 26.
Red1 Nf6 27. Ng5 Rb6 28. R6d3 c4 29. Rc3 Rc6 30. b4 Nh5 31. Kf2 a6 32. Ne4 Kb6
33. Rd6 1-0

[Event "Nordsjaellands Weekend EMT 2020"]
[Site "Alleroed"]
[Date "2020.01.04"]
[Round "2.5"]
[White "Hardlei, Johan"]
[Black "Nilssen, Ellen Fredericia"]
[Result "1-0"]
[WhiteElo "2100"]
[BlackElo "2061"]
[PlyCount "93"]
[EventDate "2020.01.??"]
[EventType "swiss"]
[EventRounds "5"]
[EventCountry "DEN"]

1. Nf3 d5 2. g3 Nf6 3. Bg2 g6 4. O-O Bg7 5. c4 O-O 6. cxd5 Nxd5 7. Nc3 Nb6 8.
b3 a5 9. Bb2 Bd7 10. Qc2 Nc6 11. d3 Nb4 12. Qc1 Bc6 13. Ne4 Bxb2 14. Qxb2 a4
15. a3 N4d5 16. Ne5 Be8 17. b4 f6 18. Nc4 Bf7 19. Nc5 Nxc4 20. dxc4 Nb6 21.
Nxb7 Qc8 22. Na5 Rxa5 23. bxa5 Nxc4 24. Qb4 c5 25. Qxa4 Qa6 26. Rac1 Nd2 27.
Rfe1 Nb3 28. Rc3 Rb8 29. Rb1 c4 30. Qc6 Qxa5 31. Rxc4 Kg7 32. Rb4 Rxb4 33. axb4
Qa2 34. Rd1 Qb2 35. e3 Nd2 36. Bd5 Bxd5 37. Qxd5 Nb1 38. Qd4 Nc3 39. Rd2 Qb1+
40. Kg2 Ne4 41. Rb2 Qc1 42. Qxe4 Qxb2 43. Qxe7+ Kh6 44. Qf8+ Kh5 45. Kf3 Qb1
46. g4+ Kg5 47. h4+ 1-0

[Event "Nordsjaellands Weekend EMT 2020"]
[Site "Alleroed"]
[Date "2020.01.04"]
[Round "2.6"]
[White "Nielsen, Morten"]
[Black "Le Besq, Alexander"]
[Result "0-1"]
[WhiteElo "2044"]
[BlackElo "2194"]
[PlyCount "72"]
[EventDate "2020.01.??"]
[EventType "swiss"]
[EventRounds "5"]
[EventCountry "DEN"]

1. e4 c5 2. Nf3 d6 3. d4 cxd4 4. Nxd4 Nf6 5. Nc3 g6 6. Be3 Bg7 7. f3 O-O 8. Qd2
Nc6 9. O-O-O d5 10. Qe1 e5 11. Nxc6 bxc6 12. exd5 Nxd5 13. Bc4 Be6 14. Ne4 Qc7
15. Bc5 Rfd8 16. Qh4 h6 17. g4 a5 18. g5 h5 19. Qf2 Rab8 20. Rd3 a4 21. Rhd1
Nf4 22. Rxd8+ Rxd8 23. Bd6 Qa5 24. Bxe6 Nxe6 25. Qd2 Qxd2+ 26. Rxd2 f5 27. gxf6
Bh6 28. Bxe5 Bxd2+ 29. Nxd2 Rd5 30. Bc3 Nd4 31. Bxd4 Rxd4 32. Ne4 Kf7 33. c3
Rd5 34. Kc2 Kf8 35. h4 Rf5 36. Ng5 Rxg5 0-1

[Event "Nordsjaellands Weekend EMT 2020"]
[Site "Alleroed"]
[Date "2020.01.04"]
[Round "2.7"]
[White "Strange, Mikkel"]
[Black "Gregor, Bjarke"]
[Result "1-0"]
[WhiteElo "2338"]
[BlackElo "2124"]
[PlyCount "73"]
[EventDate "2020.01.??"]
[EventType "swiss"]
[EventRounds "5"]
[EventCountry "DEN"]

1. Nf3 c5 2. e3 Nc6 3. d4 e6 4. c4 cxd4 5. exd4 d5 6. Nc3 Bb4 7. a3 Bxc3+ 8.
bxc3 Nf6 9. Bd3 h6 10. O-O O-O 11. Re1 Qc7 12. Ne5 Nxe5 13. dxe5 Nd7 14. cxd5
exd5 15. Qf3 Nc5 16. Bc2 Qc6 17. Be3 b6 18. Rad1 Bb7 19. Bxc5 bxc5 20. Qf5 g6
21. Qf4 Kg7 22. e6 fxe6 23. Qe5+ Rf6 24. Rd3 Raf8 25. Rg3 Kf7 26. Ree3 Ke7 27.
Rxg6 Rxg6 28. Bxg6 Rf6 29. Rg3 Qd6 30. Qe3 Rf4 31. Bc2 d4 32. Rg7+ Kd8 33. cxd4
Rxd4 34. h3 Bc6 35. Qxh6 Qe5 36. Qh8+ Be8 37. Rd7+ 1-0

[Event "Nordsjaellands Weekend EMT 2020"]
[Site "Alleroed"]
[Date "2020.01.04"]
[Round "3.1"]
[White "Hansen, Lars"]
[Black "Hector, Jonny"]
[Result "1/2-1/2"]
[WhiteElo "2230"]
[BlackElo "2481"]
[PlyCount "96"]
[EventDate "2020.01.??"]
[EventType "swiss"]
[EventRounds "5"]
[EventCountry "DEN"]

1. e4 e5 2. Nf3 Nc6 3. Bc4 Nf6 4. Ng5 d5 5. exd5 Na5 6. Bb5+ Bd7 7. Qe2 Be7 8.
Bxd7+ Qxd7 9. c4 O-O 10. d3 c6 11. Bd2 b6 12. Bxa5 bxa5 13. dxc6 Qxc6 14. O-O
Rfe8 15. Nc3 Rab8 16. Rab1 Nd7 17. Nf3 Bf8 18. Rfe1 f5 19. Nd5 g6 20. Qd2 Qc5
21. b3 Bg7 22. Re2 a4 23. b4 Qd6 24. Rbe1 Nb6 25. Ne3 Qd7 26. a3 Rbd8 27. Qa2
Kh8 28. Rd2 f4 29. Nd1 Qf5 30. c5 Nd5 31. Qc4 g5 32. Rde2 g4 33. Nd4 Qg6 34.
Nb5 f3 35. Re4 Nf4 36. Nd6 Rf8 37. g3 Ne2+ 38. R1xe2 fxe2 39. Rxe2 Rf3 40. Ne3
h5 41. Qe4 Qe6 42. h3 Rdf8 43. hxg4 hxg4 44. Nxg4 R8f4 45. Qa8+ Rf8 46. Qe4
R8f4 47. Qa8+ Rf8 48. Qe4 R8f4 1/2-1/2

[Event "Nordsjaellands Weekend EMT 2020"]
[Site "Alleroed"]
[Date "2020.01.04"]
[Round "3.2"]
[White "Thorsbro, Peter"]
[Black "Ramsdal, Jens Albert"]
[Result "1-0"]
[WhiteElo "2148"]
[BlackElo "2299"]
[PlyCount "89"]
[EventDate "2020.01.??"]
[EventType "swiss"]
[EventRounds "5"]
[EventCountry "DEN"]

1. d4 Nf6 2. c4 g6 3. Nc3 d5 4. Bg5 Bg7 5. Bxf6 Bxf6 6. cxd5 c6 7. e4 cxd5 8.
Nxd5 Bg7 9. Bb5+ Nc6 10. Ne2 O-O 11. O-O Bg4 12. f3 Be6 13. Bxc6 bxc6 14. Ndf4
Bc8 15. Qa4 Qb6 16. Kh1 Ba6 17. Rac1 Bb5 18. Qc2 Qa6 19. Rfe1 Bh6 20. g3 g5 21.
Ng2 g4 22. f4 Bg7 23. Nc3 Bd3 24. Qd1 h5 25. Re3 Bc4 26. b3 Be6 27. f5 Bc8 28.
Nf4 e6 29. Nxh5 exf5 30. Nxg7 Kxg7 31. exf5 Bxf5 32. Re5 Be6 33. Rg5+ Kf6 34.
Ne4+ Ke7 35. Nc5 Qxa2 36. Nxe6 fxe6 37. Rxc6 Rf2 38. Rxe6+ Kxe6 39. Qxg4+ Kd6
40. Rg6+ Kd5 41. Qe6+ Kxd4 42. Qc4+ Ke3 43. Re6+ Kd2 44. Rd6+ Ke1 45. Qc1+ 1-0

[Event "Nordsjaellands Weekend EMT 2020"]
[Site "Alleroed"]
[Date "2020.01.04"]
[Round "3.3"]
[White "Jacobsen, Mikkel Manosri"]
[Black "Thuesen, Mogens Henrik"]
[Result "1-0"]
[WhiteElo "2300"]
[BlackElo "2214"]
[PlyCount "89"]
[EventDate "2020.01.??"]
[EventType "swiss"]
[EventRounds "5"]
[EventCountry "DEN"]

1. d4 Nf6 2. c4 c5 3. d5 e6 4. Nc3 exd5 5. cxd5 d6 6. e4 g6 7. Nf3 a6 8. a4 Bg4
9. Be2 Bxf3 10. Bxf3 Bg7 11. Bf4 Qe7 12. O-O O-O 13. Qd2 Nbd7 14. Rfe1 Rac8 15.
a5 h5 16. h3 Nh7 17. Be3 h4 18. Bg4 f5 19. exf5 gxf5 20. Bh5 Ne5 21. Bf4 Qd7
22. Qe2 Kh8 23. Na4 Qb5 24. Nb6 Rcd8 25. Bxe5 dxe5 26. Qd1 Rd6 27. Be2 Qe8 28.
Qc2 Rg6 29. Qxc5 Ng5 30. Kf1 Ne4 31. Qb4 Rg8 32. Bf3 Bf8 33. Qa4 Nd2+ 34. Ke2
Qxa4 35. Rxa4 Nb3 36. Rxh4+ Kg7 37. g3 Nd4+ 38. Rxd4 exd4 39. Nc4 Bb4 40. Rd1
Re8+ 41. Kf1 Bc5 42. Bh5 Rd8 43. Bxg6 Kxg6 44. b4 Bxb4 45. Rxd4 1-0

[Event "Nordsjaellands Weekend EMT 2020"]
[Site "Alleroed"]
[Date "2020.01.04"]
[Round "3.4"]
[White "Hoi, Carsten"]
[Black "Strange, Mikkel"]
[Result "1-0"]
[WhiteElo "2316"]
[BlackElo "2338"]
[PlyCount "77"]
[EventDate "2020.01.??"]
[EventType "swiss"]
[EventRounds "5"]
[EventCountry "DEN"]

1. d4 d5 2. c4 e6 3. Nc3 c5 4. e3 Nf6 5. Nf3 a6 6. cxd5 Nxd5 7. Bd3 Nc6 8. O-O
Be7 9. a3 b5 10. Nxd5 Qxd5 11. e4 Qd7 12. d5 exd5 13. exd5 Qxd5 14. Bxb5 Qxd1
15. Bxc6+ Qd7 16. Ne5 Qxc6 17. Nxc6 Bf6 18. Re1+ Be6 19. Ne5 O-O 20. Bd2 Rfd8
21. Bc3 Rd5 22. h3 g5 23. Rac1 Kg7 24. Re3 Rad8 25. Ree1 Bf5 26. Nc6 Bxc3 27.
bxc3 R8d6 28. Ne7 c4 29. Nxd5 Rxd5 30. Re7 Ra5 31. Ra1 Rb5 32. a4 Rb3 33. Re5
Kf6 34. Ra5 Rxc3 35. Rxa6+ Kg7 36. a5 Rc2 37. Rc6 c3 38. a6 Be4 39. Rc5 1-0

[Event "Nordsjaellands Weekend EMT 2020"]
[Site "Alleroed"]
[Date "2020.01.04"]
[Round "3.5"]
[White "Le Besq, Alexander"]
[Black "Liu, Casper Yukun"]
[Result "1-0"]
[WhiteElo "2194"]
[BlackElo "2183"]
[PlyCount "63"]
[EventDate "2020.01.??"]
[EventType "swiss"]
[EventRounds "5"]
[EventCountry "DEN"]

1. e4 d5 2. exd5 Nf6 3. c4 e6 4. dxe6 Bxe6 5. Nf3 Nc6 6. Be2 Nd4 7. O-O Nxe2+
8. Qxe2 Bd6 9. Nc3 c6 10. d4 Qa5 11. Ng5 O-O-O 12. Nxe6 Rhe8 13. d5 fxe6 14.
dxc6 bxc6 15. Qf3 Qc5 16. Be3 Qxc4 17. Rac1 Kb7 18. a4 Rf8 19. Nb5 Bxh2+ 20.
Kh1 Qd5 21. Nd4 Ne4 22. Qh3 Bf4 23. Nxe6 Bxe3 24. Nxd8+ Qxd8 25. Qxe3 Qh4+ 26.
Kg1 Rf6 27. Qb3+ Kc7 28. Qh3 Qf4 29. Qe3 Qh4 30. Qxa7+ Kd8 31. Qd4+ Ke8 32.
Rce1 1-0

[Event "Nordsjaellands Weekend EMT 2020"]
[Site "Alleroed"]
[Date "2020.01.04"]
[Round "3.6"]
[White "Moe, Mogens"]
[Black "Hardlei, Johan"]
[Result "1/2-1/2"]
[WhiteElo "2149"]
[BlackElo "2100"]
[PlyCount "110"]
[EventDate "2020.01.??"]
[EventType "swiss"]
[EventRounds "5"]
[EventCountry "DEN"]

1. e4 c5 2. Nf3 d6 3. d4 cxd4 4. Nxd4 Nf6 5. Nc3 g6 6. Be2 Bg7 7. O-O O-O 8.
Be3 Nc6 9. Qd2 Ng4 10. Bxg4 Bxg4 11. h3 Bd7 12. Rad1 Nxd4 13. Bxd4 Bxd4 14.
Qxd4 Bc6 15. e5 dxe5 16. Qxe5 Qb6 17. Nd5 Bxd5 18. Rxd5 Rfd8 19. Rb5 Qc6 20.
Rc5 Qd6 21. Qxd6 Rxd6 22. Rc7 Rb6 23. b3 Rc6 24. Rxe7 Rxc2 25. Rd1 Rxa2 26.
Rdd7 Rf8 27. Rxb7 Rb2 28. Re3 Ra8 29. Rf3 f5 30. Rd3 a5 31. Rdd7 Rc8 32. Rg7+
Kh8 33. Rxh7+ Kg8 34. Rhd7 Kh8 35. h4 Re2 36. Rd5 Re4 37. g3 a4 38. bxa4 Rxa4
39. Rd6 f4 40. g4 f3 41. Rxg6 Rcc4 42. Rbg7 Rc1+ 43. Kh2 Rh1+ 44. Kxh1 Ra1+ 45.
Kh2 Rh1+ 46. Kg3 Rg1+ 47. Kxf3 Rg3+ 48. Ke4 Re3+ 49. Kd5 Re5+ 50. Kd6 Rd5+ 51.
Kc7 Rd7+ 52. Kc6 Rc7+ 53. Kd5 Rc5+ 54. Ke4 Re5+ 55. Kf4 Rf5+ 1/2-1/2

[Event "Nordsjaellands Weekend EMT 2020"]
[Site "Alleroed"]
[Date "2020.01.04"]
[Round "3.7"]
[White "Nilssen, Ellen Fredericia"]
[Black "Nielsen, Morten"]
[Result "1/2-1/2"]
[WhiteElo "2061"]
[BlackElo "2044"]
[PlyCount "223"]
[EventDate "2020.01.??"]
[EventType "swiss"]
[EventRounds "5"]
[EventCountry "DEN"]

1. d4 e6 2. c4 f5 3. Nf3 Nf6 4. g3 c6 5. Bg2 d5 6. O-O Bd6 7. b3 Qe7 8. Bb2 b6
9. Qc2 Bb7 10. cxd5 cxd5 11. Nc3 Ba6 12. Ne5 O-O 13. Nc4 Rc8 14. Nxd6 Qxd6 15.
Rfc1 Nc6 16. Qd1 Ne4 17. Nxe4 fxe4 18. Bh3 Ne7 19. Rxc8+ Rxc8 20. Rc1 Rc6 21.
Qd2 Nf5 22. Ba3 Qc7 23. Rxc6 Qxc6 24. Qb4 Qc8 25. Bxf5 exf5 26. Qd6 Bb7 27. Qe7
h6 28. Bd6 Ba6 29. Be5 Qb7 30. Qe8+ Kh7 31. Qe6 Bxe2 32. Qxf5+ Kg8 33. g4 Qf7
34. Kg2 h5 35. h3 hxg4 36. hxg4 Qxf5 37. gxf5 Bg4 38. Kg3 Bxf5 39. Kf4 Be6 40.
Bb8 a6 41. Bc7 b5 42. Bd8 Kf8 43. Ke5 Bf7 44. Bg5 a5 45. Kd6 a4 46. Kc5 axb3
47. axb3 Ke8 48. Kxb5 Kd7 49. Kb6 Bh5 50. b4 Be2 51. b5 Kc8 52. Kc6 Bc4 53. b6
Ba6 54. Kxd5 Bb7+ 55. Kd6 Ba6 56. Ke5 Kd7 57. Kxe4 Bb7+ 58. Kf5 Kc6 59. Bd8 Kd5
60. Kg6 Kxd4 61. Kxg7 Bf3 62. Kf6 Kc5 63. Ke5 Kc6 64. Bc7 Kd7 65. Bd6 Kc6 66.
Bc7 Kd7 67. Kf4 Bb7 68. Ke3 Ke6 69. f4 Kf5 70. Kd4 Ke6 71. Ke3 Kf5 72. Kf2 Kg4
73. Be5 Kf5 74. Kg3 Bc6 75. Kh4 Kg6 76. Kg4 Bd7+ 77. Kf3 Bc6+ 78. Ke3 Kf5 79.
Kd4 Ke6 80. Kc5 Bb7 81. Bb8 Be4 82. Bc7 Bb7 83. Bd8 Be4 84. Kc4 Bd5+ 85. Kb4
Bc6 86. Bh4 Be4 87. Bg5 Bc6 88. Bh6 Be4 89. Kc5 Bf3 90. Kb5 Bb7 91. Bf8 Kf5 92.
Bd6 Ke6 93. Bb8 Kf5 94. Kc4 Ke6 95. Kd3 Kf5 96. Ke2 Kg4 97. Kf2 Bc6 98. Bd6 Bb7
99. Ke2 Kf5 100. Ke3 Ke6 101. Bb4 Kf5 102. Bd2 Ke6 103. Kd4 Bf3 104. Kc4 Be4
105. Kb5 Bb7 106. Ka5 Kf5 107. Bc1 Ke6 108. Bb2 Kf5 109. Be5 Ke6 110. Kb5 Kf5
111. Kc5 Ke6 112. Bd6 1/2-1/2

[Event "Nordsjaellands Weekend EMT 2020"]
[Site "Alleroed"]
[Date "2020.01.05"]
[Round "4.1"]
[White "Thorsbro, Peter"]
[Black "Jacobsen, Mikkel Manosri"]
[Result "0-1"]
[WhiteElo "2148"]
[BlackElo "2300"]
[PlyCount "84"]
[EventDate "2020.01.??"]
[EventType "swiss"]
[EventRounds "5"]
[EventCountry "DEN"]

1. d4 Nf6 2. c4 e6 3. Nc3 d5 4. cxd5 exd5 5. Bg5 Nbd7 6. e3 Be7 7. Bd3 O-O 8.
Qc2 a6 9. Nf3 h6 10. Bf4 c5 11. O-O c4 12. Be2 b5 13. a3 Bb7 14. h3 Re8 15.
Rad1 Qb6 16. Ne5 Rad8 17. Bf3 Bd6 18. Qf5 Bxe5 19. Bxe5 a5 20. Bg3 b4 21. axb4
axb4 22. Nxd5 Bxd5 23. Bxd5 Nxd5 24. Qxd5 Ne5 25. Qc5 Qxc5 26. dxc5 Nd3 27.
Rxd3 Rxd3 28. Rc1 c3 29. bxc3 Rxc3 30. Rb1 Re4 31. Bd6 b3 32. Kh2 Ra4 33. Kg3
f6 34. Kf3 Kf7 35. Bg3 Ra2 36. c6 b2 37. c7 Rc1 38. Ke2 Rxb1 39. c8=Q Re1+ 40.
Kf3 b1=Q 41. Qd7+ Kg6 42. Qe8+ Kh7 0-1

[Event "Nordsjaellands Weekend EMT 2020"]
[Site "Alleroed"]
[Date "2020.01.05"]
[Round "4.2"]
[White "Hector, Jonny"]
[Black "Hoi, Carsten"]
[Result "1-0"]
[WhiteElo "2481"]
[BlackElo "2316"]
[PlyCount "103"]
[EventDate "2020.01.??"]
[EventType "swiss"]
[EventRounds "5"]
[EventCountry "DEN"]

1. e4 Nc6 2. Nc3 d6 3. d4 g6 4. f4 Bg7 5. Be3 Nf6 6. Nf3 e6 7. Qd2 b6 8. Bf2
Ne7 9. Bh4 d5 10. Bxf6 Bxf6 11. e5 Bg7 12. O-O-O Bd7 13. g4 h5 14. gxh5 Rxh5
15. Ne2 Nf5 16. Bg2 Nh4 17. Ng3 Nxf3 18. Bxf3 Rh4 19. h3 Bh6 20. Bg4 c5 21. Kb1
c4 22. Ne2 Bf8 23. Ng1 Rc8 24. c3 b5 25. Nf3 Rh8 26. h4 b4 27. h5 bxc3 28. Qxc3
gxh5 29. Bxh5 Bh6 30. Rdg1 Qe7 31. Ng5 Bxg5 32. fxg5 Kd8 33. Qf3 Kc7 34. Qxf7
Qb4 35. Qf3 Rb8 36. Rh2 Be8 37. g6 Bxg6+ 38. Bxg6 Rxh2 39. Qf7+ Kb6 40. Bc2 Ka6
41. b3 Rb6 42. Qc7 Rxc2 43. Qc8+ Ka5 44. Rg7 a6 45. Qc5+ Qxc5 46. dxc5 cxb3 47.
cxb6 bxa2+ 48. Ka1 Rc6 49. b7 Rb6 50. Kxa2 Kb4 51. Rg1 Kb5 52. Rg7 1-0